000
00324nam a22001457a 4500
003
SGT
020
_a
8176294209
082
_a
344.480954,TAN
100
_a
TANDON, USHA
245
_a
POPULATION LAW
260
_a
NEW DELHI
_b
DEEP & DEEP PUBLICATIONS
_c
2003
300
_a
470
650
_a
POPULATION LAW
942
_2
ddc
_c
BK
999
_c
10341
_d
10341